000 01106cad a22002415a 4500
001 L151621
008 101123s2010 xxk f 000 0 eng d
020 _a9781409826460
035 _a(Sirsi) u151621
041 0 _aeng
050 0 4 _a306.1 $2 18
110 2 _aUnited Kingdom
_bDepartment for Communities and Local Government
_94939
245 0 0 _aLocal decisions
_ba fairer future for social housing consultation
_h[electronic resource]
260 _aLondon
_bDCLG
_c2010
520 _aSets out proposals for reforming social housing in England including social housing tenancies, empy homes, mobility, homelessness, regulation and council housing finance. A new tenancy standard for social housing tenants is also being considered.
520 _aConsultation closed 17 January 2011.
590 _aKA NTK
650 2 4 _aLOCALISM BILL
651 4 _aEngland
_y886-
690 _aPROPERTY-RESIDENTIAL PROPERTY-DOMESTIC RESIDENTIAL PROPERTY-HOUSING
856 4 0 _uhttps://www.communities.gov.uk/documents/housing/pdf/1775577.pdf
_zView this item free of charge at www.communities.gov.uk
942 _n0
999 _c111491
_d111491